Personagens de Genshin Impact - Statistics

Estatísticas Gerais
  • Esse quiz foi jogado 63 vezes
  • A pontuação média é 48 de 102
Estatísticas das Respostas
Version Vision Stars Resposta % Correto
1.0 Pyro 5 Diluc
94%
2.1 Electro 5 Raiden Shogun
94%
1.0 Anemo 5 Jean
89%
1.0 Anemo 5 Venti
89%
1.0 Cryo 4 Kaeya
86%
1.1 Geo 5 Zhongli
86%
4.2 Hydro 5 Furina
81%
1.0 Hydro 5 Mona
81%
1.0 - 5 Aether
78%
1.0 Hydro 4 Barbara
78%
1.0 Electro 5 Keqing
78%
1.0 - 5 Lumine
78%
5.3 Pyro 5 Mavuika
78%
3.2 Dendro 5 Nahida
78%
1.0 Electro 4 Lisa
75%
1.0 Pyro 4 Amber
72%
1.0 Electro 4 Beidou
69%
1.0 Pyro 5 Klee
69%
1.0 Cryo 5 Qiqi
69%
1.0 Pyro 4 Bennett
64%
1.3 Pyro 5 Hutao
64%
2.0 Cryo 5 Kamisato Ayaka
64%
4.1 Hydro 5 Neuvillette
64%
1.6 Anemo 5 Kaedehara Kazuha
61%
1.0 Electro 4 Razor
61%
3.0 Dendro 5 Tighnari
61%
1.3 Anemo 5 Xiao
61%
2.3 Geo 5 Arataki Itto
58%
2.6 Hydro 5 Kamisato Ayato
58%
1.0 Anemo 4 Sucrose
58%
1.0 Pyro 4 Xiangling
58%
1.2 Cryo 5 Ganyu
56%
1.0 Geo 4 Ningguang
56%
1.0 Geo 4 Noelle
56%
2.5 Electro 5 Yae Miko
56%
1.2 Geo 5 Albedo
53%
3.1 Electro 5 Cyno
53%
1.0 Electro 4 Fischl
53%
4.3 Geo 5 Navia
53%
2.1 Electro 4 Kujou Sara
50%
1.1 Hydro 5 Tartaglia
50%
5.1 Geo 5 Xilonen
50%
1.0 Hydro 4 Xingqiu
50%
3.0 Dendro 4 Collei
47%
5.7 Cryo 5 Skirk
47%
2.7 Hydro 5 Yelan
47%
2.1 Hydro 5 Sangonomiya Kokomi
44%
5.5 Electro 5 Varessa
44%
3.3 Anemo 5 Wanderer
44%
5.2 Anemo 5 Chasca
42%
1.1 Cryo 4 Diona
42%
2.3 Geo 4 Gorou
42%
5.0 Dendro 5 Kinich
42%
5.0 Hydro 5 Mualani
42%
4.1 Cryo 5 Wriothesley
42%
4.5 Geo 5 Chiori
39%
1.0 Cryo 4 Chongyun
39%
1.5 Cryo 5 Eula
39%
5.8 Electro 5 Ineffa
39%
3.6 Dendro 4 Kaveh
39%
2.4 Cryo 4 Shenhe
39%
2.0 Pyro 5 Yoimiya
39%
2.4 Geo 4 Yunjin
39%
4.7 Electro 5 Clorinde
36%
4.0 Anemo 4 Lynette
36%
4.0 Pyro 5 Lyney
36%
5.2 Electro 4 Ororon
36%
1.4 Cryo 4 Rosaria
36%
4.6 Pyro 5 Arlecchino
33%
5.3 Cryo 5 Citlali
33%
5.0 Geo 4 Kachina
33%
2.2 Pyro 4 Thoma
33%
1.5 Pyro 4 Yanfei
33%
3.4 Dendro 4 Yaoyao
33%
3.5 Pyro 5 Dehya
31%
5.6 Cryo 5 Escoffier
31%
5.4 Anemo 5 Yumimizuki Mizuki
31%
3.6 Dendro 5 Baizhu
28%
3.1 Hydro 4 Candace
28%
3.0 Electro 4 Dori
28%
5.5 Electro 4 Iansan
28%
2.7 Electro 4 Kuki Shinobu
28%
3.5 Cryo 4 Mika
28%
3.1 Hydro 5 Nilou
28%
2.0 Anemo 4 Sayu
28%
2.8 Anemo 4 Shikanoin Heizou
28%
1.1 Pyro 4 Xinyan
28%
3.4 Dendro 5 Alhaitam
25%
4.2 Cryo 4 Charlotte
25%
4.0 Cryo 4 Freminet
25%
4.4 Pyro 4 Gaming
25%
5.7 Hydro 4 Dahlia
22%
4.8 Dendro 5 Emilie
22%
5.6 Anemo 4 Ifa
22%
5.3 Anemo 4 Lanyan
22%
4.7 Hydro 5 Sigewinne
22%
3.3 Anemo 4 Faruzan
19%
4.4 Anemo 5 Xianyun
19%
3.7 Dendro 4 Kirara
17%
4.7 Electro 4 Sethos
17%
3.2 Cryo 4 Layla
14%
4.3 Pyro 4 Chevrouse
3%
Nenhum quiz correspondente encontrado
Distribuição das Pontuações
Porcentagem de Pessoas com Cada Pontuação
Percentil de Números Respondidos
Sua Pontuação Histórica
Você não jogou esse quiz